banner-ar

AN INTRODUCTION TO MUSIC THERAPY: THEORY AND PRACTICE / (Record no. 12174)

MARC details
000 -الفاتح
حقل البيانات ثابتة الطول 00530nam a2200193Ia 4500
008 - عناصر البيانات ثابتة الطول - معلومات عامة
حقل البيانات ثابتة الطول 140319s9999 xx 000 0 eng d
040 ## - مصدر الفهرسة
وكالة الفهرسة الأصلية GCL /
وكالة النسخ GCL
082 04 - رقم تصنيف ديوى العشرى
رقم التصنيف 615.85154
رقم المادة D I
100 1# - المدخل الرئيسى - إسم شخصى
الإسم الشخصى DAVIS, WILLIAM
245 10 - بيان العنوان
العنوان AN INTRODUCTION TO MUSIC THERAPY: THEORY AND PRACTICE /
بيان المسئوليه,etc DAVIS, WILLIAM
700 1# - المدخل الاضافى - اسم شخصى
الإسم الشخصى GFELLER, KATE E.
700 1# - المدخل الاضافى - اسم شخصى
الإسم الشخصى THAUT, MICHAEL H.
260 ## - PUBLICATION, DISTRIBUTION, ETC. (IMPRINT)
تاريخ النشر أو التوزيع 1992
300 ## - الوصف المادى
التعداد 379 P
650 04 - المدخل الاضافى بالموضوع-مصطلح موضوعى
مصطلح موضوعي MUSIC
650 04 - المدخل الاضافى بالموضوع-مصطلح موضوعى
مصطلح موضوعي MUSIC - THERAPY
942 ## - عناصر المدخل الإضافي( كوها)
مصدر التصنيف او مخطط الترفيف Dewey Decimal Classification
Koha [default] item type كتاب
260 ## - PUBLICATION, DISTRIBUTION, ETC. (IMPRINT)
-- [S.N] :
-- WM. C. BROWN PUBLISHERS ،
Holdings
حالة التراجع حالة الفقد حالة تلف ليس للاعارة المكان المؤقت الموقع الحالى تاريخ الاكتساب اجمالي اﻻعارات رقم الطلب الباركود تاريخ اخر مشاهدة تاريخ تفعيل السعر نوع وعاء كوها
        مكتبة القاهرة الكبرى مكتبة القاهرة الكبرى 03/26/2014   615.85154\D I 23771 03/26/2014 03/26/2014 كتاب
        مكتبة القاهرة الكبرى مكتبة القاهرة الكبرى 03/26/2014   615.85154\D I 23772 03/26/2014 03/26/2014 كتاب

Powered By

EGPV